000 02146nam0a2200409 4500
001 RU\NLR\BIBL_A\010840736
005 20260406162648.0
010 _a978-5-91172-104-6
_9800
021 _aRU
_b2015-58739
_93474
035 _a(NILC)RuMoRGB-007990310
035 _a(NLR Aleph) 010840736
090 _a10325538
_c10325538
100 _a20150915d2015 |||y0rusy50 ca
101 0 _arus
102 _aRU
105 _aach|z|||100yy
200 1 _aВелимир Хлебников и русский авангард
_eматериалы научной конференции, Великий Новгород, 17-19 октября 2013 г.
_f[сост.: Т. В. Игошева]
210 _aМосква
_cАзбуковник
_d2015
215 _a335 с.
_cил., портр., факс.
_d22
300 _aВ надзаг.: Новгородский гос. ун-т им. Ярослава Мудрого
320 _aБиблиогр. в подстроч. примеч.
600 1 _aХлебников
_bВ. В.
_f1885 - 1922
_gВелимир Владимирович
_jСъезды, совещания и т.п
_91542119
_3RU\NLR\AUTH\66973648
606 1 _aАвангардизм
_jСъезды, совещания и т.п
_xв литературе
_yРоссия
_91083541
_3RU\NLR\AUTH\66104992
610 0 _aавангардизм в русской поэзии
675 _a821.161.1.0
686 2 _aШ5(2=Р)53-4Хлебников
686 1 _aШ5(2=Р)53-328.8
702 1 _aИгошева
_bТ. В.
_gТатьяна Васильевна
_4220
702 1 _4570
_8rus
_7ca
_aХлебников
_bВ.
_f1885-1922
_gВелимир
_3RU\NLR\AUTH\779596
_9119416
711 1 2 _a"Велимир Хлебников и русский авангард", научная конференция
_eВеликий Новгород
_f2013
_9483556
_3RU\NLR\AUTH\880408760
801 0 _aRU
_bРГБ
_c20150804
_gRCR
942 _cBOOK
980 _aNBR
980 _aNB